| 000 | 00557nam a2200169 4500 | ||
|---|---|---|---|
| 008 | 041029s1970 nju b 000 0 eng | ||
| 020 | _a080070388X :USD4.95 | ||
| 090 |
_aBV4427 _bB76c |
||
| 100 | 1 | _aBright, Bill. | |
| 245 | 1 | 0 | _aCome help change the world. |
| 260 |
_aOld Tappan, N.J. : _bF. H. Revell Co., _c[1970] |
||
| 300 |
_a207 p. : _c21 cm. |
||
| 504 | _aIncludes bibliographical references. | ||
| 610 | 2 | 4 | _aCampus Crusade for Christ. |
| 650 | 4 |
_aStudents _xReligious life. |
|
| 951 |
_p5269 _x00018230 _oBV4427/B76c _j070613111420937 _d2000-12-21 _cGC |
||
| 999 |
_c21469 _d21469 |
||